000 00707cam a22002293a 4500
001 30262
003 PGUSA
005 20140828083643.0
008 091015s2009||||xxu|||||s|||||000 | eng d
040 _aPGUSA
_beng
042 _adc
050 4 _aND
100 1 _aRhys, Ernest,
_d1859-1946
245 1 0 _aFrederic Lord Leighton :
_bAn Illustrated Record of His Life and Work
_h[electronic resource] /
_cErnest Rhys
260 _bProject Gutenberg,
_c2009
506 _aPublic domain in the USA.
516 _aElectronic text
653 _aLeighton of Stretton, Frederic Leighton, Baron, 1830-1896
830 0 _aProject Gutenberg
_v30262
856 4 0 _uhttp://www.gutenberg.org/ebooks/30262
942 _cEB
999 _c259517
_d259517